Mongol Empire Countries - Sudden Death - Statistics

General Stats
  • This quiz has been taken 790 times
  • The average score is 5 of 16
Answers on the Grid
Answers color-coded by a green-red scale on the quiz's grid according to % correct below.
Japan
Armenia
Iraq
Romania
Kuwait
Greece
Afghanistan
Vietnam
Tajikistan
Latvia
Bangladesh
Saudi Arabia
India
Cyprus
Lebanon
South Korea
Finland
Georgia
Ukraine
Jordan
Thailand
Poland
Germany
Azerbaijan
Sri Lanka
Uzbekistan
Estonia
Bulgaria
Austria
Qatar
Pakistan
Oman
Myanmar
Hungary
Cambodia
Bahrain
 
Answer Stats
Answer % Correct
Afghanistan
62%
Iraq
57%
Armenia
56%
Tajikistan
47%
Uzbekistan
35%
Azerbaijan
28%
Romania
27%
Georgia
26%
Ukraine
26%
Pakistan
24%
India
23%
South Korea
21%
Vietnam
20%
Poland
13%
Myanmar
9%
Bulgaria
5%
No matching quizzes found
Score Distribution
Percent of People with Each Score
Percentile by Number Answered
Your Score History
You have not taken this quiz